Statistiques concernant Quiz de Géographie ( 15 questions )

Cliquez ici pour prendre le quiz!

Statistiques générales

  • Ce quiz a été pris 313 fois
  • Le résultat moyen est 7 sur 15

Statistiques - réponses

QuestionRéponse% Correct
Quel est le plus grand pays frontalier à l'Espagne ?France
85%
Quel est le plus grand pays frontalier à la Chine ?Russie
75%
Quel est le plus petit pays frontalier au Lesotho ?Afrique du Sud
68%
Quel fleuve à donné son nom à la Zambie et au Mozambique ?Zambèze
64%
Quel est le plus grand pays frontalier à la France ?Brésil
63%
Combien y a-t-il de pays enclavés à 100% dans un seul et même pays ?3
62%
Quel est le plus petit pays frontalier à l'Indonésie ?Timor Oriental
55%
Quel est le plus petit pays frontalier à la Colombie ?Panama
49%
Quel est le pays le plus densément peuplé au monde ?Monaco
42%
Quel est le plus grand lac d'Asie ?mer Caspienne
37%
Combien de kilomètres séparent les Etats Unis et la Russie ?3.75
36%
Laquelle de ces capitales existe-t-elle ?Honiara
31%
Quelle est la plus grande île d'Asie ?Bornéo
26%
Quel est le pays le plus long horizontalement par rapport à sa largeur ?Gambie
26%
Laquelle de ces îles n'est pas en Indonésie ?Amirante
21%

Distribution des résultats

Percentile par nombre de réponses

% des personnes avec chaque résultat

Votre développement - résultats

Vous n’avez pas pris ce quiz